| 000 | 00747nam a2200205Ia 4500 | ||
|---|---|---|---|
| 999 |
_c38404 _d38404 |
||
| 001 | 4415 | ||
| 003 | GE_BSU | ||
| 005 | 20190520144245.0 | ||
| 008 | 181216s1985||||ge |||||||||||||| ||geo|| | ||
| 040 | _cGE_BSU | ||
| 041 | _ageo | ||
| 080 | _a53(072) ვ–25 | ||
| 100 |
_aვაშაყმაძე, ვ.ა. _91387 |
||
| 245 |
_aფიზიკა : სახელმძღვ. / _cვ.ა.ვაშაყმაძე ; რედ : მ . ჩაჩხუნაშვილი |
||
| 264 |
_aთბილისი : _bგანათლება, _c1985. |
||
| 300 |
_a599 გვ .: _c21 სმ. |
||
| 653 | _aფიზიკა | ||
| 700 |
_a ჩაჩხუნაშვილი, მ _eრედაქტორი _91388 |
||
| 942 |
_cBK _2udc |
||